书目信息 |
| 题名: |
执法书简
|
|
| 作者: | ;人民武警报社 编 | |
| 分册: | ||
| 出版信息: | 北京 工人出版社 1986 |
|
| 页数: | 178页 | |
| 开本: | 19cm | |
| 丛书名: | ||
| 单 册: | ||
| 中图分类: | D920.5 , D90 | |
| 科图分类: | ||
| 主题词: | 法律--基本知识--中国 , 法的理论 , 法学 | |
| 电子资源: | ||
| ISBN: | ||
| 000 | 00700nam0 2200277 45 | |
| 001 | 0186020101 | |
| 005 | 20040506095543.8 | |
| 010 | @dCNY1.05 | |
| 091 | @a6007.9 | |
| 100 | @a19900802d1986 em y0chiy0121 ea | |
| 101 | 0 | @achi |
| 102 | @aCN@b110000 | |
| 105 | @ay z 000yy | |
| 106 | @ar | |
| 200 | 10 | @a执法书简@Azhi fa shu jian@f人民武警报社编 |
| 210 | @a北京@c工人出版社@d1986 | |
| 215 | @a178页@d19cm | |
| 606 | @a法律@x基本知识@y中国 | |
| 606 | 0 | @a法的理论 |
| 606 | 0 | @a法学 |
| 690 | @aD920.5@v3 | |
| 690 | @aD90 | |
| 711 | 02 | @a人民武警报社@Aren min wu jing bao she@4编 |
| 801 | 0 | @aCN@b深圳图书馆@c20040506 |
| 801 | 2 | @aCN@bNLC@c20040506 |
| 905 | @f2@b168569-570@dD90@e108 | |
| 执法书简/人民武警报社编.-北京:工人出版社,1986 |
| 178页;19cm |
| ISBN :CNY1.05 |
| ● |
| 相关链接 |
|
|
|
|
正题名:执法书简
索取号:D90/108
 
预约/预借
| 序号 | 登录号 | 条形码 | 馆藏地/架位号 | 状态 | 备注 |
| 1 | 0168569 | 000367597 | 第一借阅区/ [索取号:D90/108] | 在馆 | |
| 2 | 0168570 | 000367604 | 第一借阅区/ [索取号:D90/108] | 在馆 | |
| 3 | 0168571 | 000367588 | 第一样本阅览室/ [索取号:D90/108] | 在馆 |